[Event "Titled Tue 26th Dec Early"]
[Site "chess.com INT"]
[Date "2023.12.26"]
[Round "9"]
[White "Lenderman, A."]
[Black "Rasulov, Vu"]
[Result "1-0"]
[WhiteElo "2521"]
[BlackElo "2538"]
[PlyCount "181"]
[EventDate "2023.12.26"]

1. Nf3 d5 2. e3 Nf6 3. c4 e6 4. Nc3 Bd6 5. b3 Nbd7 6. Bb2 b6 7. Rc1 a6 8. cxd5 exd5 9. Ne2 O-O 10. g3 Bb7 11. Bg2 c5 12. O-O Rc8 13. d4 ({RR} 13. Nf4 Qe7 14. d3 d4 15. Nxd4 cxd4 16. Bxb7 Rxc1 17. Bxc1 Nc5 18. Bg2 Bxf4 19. exf4 Rc8 20. Ba3 Qd7 21. Re1 Qb5 22. Bh3 Rd8 23. Bxc5 Qxc5 24. Re5 Qc3 25. Qe2 h6 26. Bf5 g6 27. Be4 Kg7 {Lenderman,A (2572)-Maghsoodloo,P (2734) chess.com INT 2023 1-0 (52)}) 13... Re8 14. Ne1 $146 ({RR} 14. dxc5 bxc5 15. Rc2 Ne4 16. Nd2 Nef6 17. Nc4 Bc7 18. Nf4 Bxf4 19. exf4 Qc7 20. Ne3 Qd6 21. Rd2 Nb6 22. Bxf6 Qxf6 23. Nxd5 Nxd5 24. Bxd5 Bxd5 25. Rxd5 c4 26. bxc4 Qc3 27. Qb3 Qxc4 28. Qxc4 Rxc4 {Nihal,S (2620)-Tang,A (2538) Chess.com INT 2020 ½-½ (63)}) ({RR} 14. dxc5 bxc5 15. Nf4 Nb6 16. Nh4 Bf8 17. Nh5 Nbd7 18. Nxf6+ Nxf6 19. Qc2 Ne4 20. Rfd1 Qg5 21. Nf3 Qh5 22. Nd2 f5 23. Nxe4 fxe4 24. Qd2 Bd6 25. Ba3 Re6 26. b4 c4 27. Bb2 Rf8 28. a3 Bc6 {Jaramillo Lopez,A (2250)-Diaz Perez,M (2461) Santa Clara CUB 2024 0-1 (42)}) 14... Ne4 15. dxc5 bxc5 16. Nd3 Ndf6 17. Nc3 Qe7 18. Nxe4 dxe4 19. Nf4 Be5 20. Bxe5 Qxe5 21. Qc2 a5 22. Qc3 g5 23. Qxe5 Rxe5 24. Ne2 Ba6 25. Rfe1 Bxe2 26. Rxe2 Nd5 27. Rc4 f5 28. Rd2 Nb6 29. Rcc2 Kf7 30. Bf1 Ke7 31. Bb5 Rd8 32. Rxd8 Kxd8 33. Rd2+ Rd5 34. Rc2 Kc7 35. Be2 Kd6 36. Kf1 f4 37. exf4 gxf4 38. gxf4 Rf5 39. Rc3 Nd5 40. Rh3 Rxf4 41. Rxh7 e3 42. f3 Nc3 43. Rh6+ Kc7 44. Re6 Nxa2 45. Rxe3 Nb4 46. Kg2 Nc2 47. Re7+ Kd6 48. Ra7 Nd4 49. Bd1 Nc6 50. Rh7 Rd4 51. Be2 Rd2 52. Kf1 Nd4 53. Rh6+ Ke7 54. Bc4 Nxf3 55. h4 Rh2 56. Ra6 Nd2+ 57. Ke1 Nf3+ 58. Kd1 Rxh4 59. Rxa5 Kd6 60. Ra8 Ke5 61. Rd8 Nd4 62. Rd5+ Ke4 63. Rxc5 Rh1+ 64. Kd2 Rh2+ 65. Kc3 Rc2+ 66. Kb4 Rh2 67. Rc8 Nc2+ 68. Kc3 Ne3 69. Re8+ Kf4 70. Kd3 Nd1 71. Re4+ Kf5 72. Re8 Nb2+ 73. Kd4 Rh4+ 74. Kc5 Kf6 75. Re2 Nd1 76. b4 Nc3 77. Rc2 Ne4+ 78. Kc6 Ke5 79. b5 Rh6+ 80. Kc7 Rh7+ 81. Kb6 Rh6+ 82. Ka5 Kd4 83. Bb3 Nc5 84. Rc4+ Kd5 85. Kb4 Nxb3 86. Kxb3 Rh1 87. Rc2 Kd6 88. Kb4 Ra1 89. b6 Kd7 90. Kb5 Ra2 91. Rxa2 1-0

[Event "Titled Tue 26th Dec Late"]
[Site "chess.com INT"]
[Date "2023.12.26"]
[Round "5"]
[White "Terry, R."]
[Black "Margvelashvili, G."]
[Result "1-0"]
[WhiteElo "2522"]
[BlackElo "2540"]
[PlyCount "157"]
[EventDate "2023.12.26"]

1. Nf3 Nf6 2. b3 g6 3. Bb2 Bg7 4. g3 b6 5. Bg2 Bb7 6. O-O O-O 7. d4 c5 8. c4 cxd4 9. Qxd4 d6 10. Rd1 Nbd7 11. Qf4 ({RR} 11. Qc3 Rc8 12. Qe1 a6 13. Nc3 Ne4 14. Rac1 Ndc5 15. Nd4 Nxc3 16. Bxc3 Bxg2 17. Kxg2 Qd7 18. Nc2 Qb7+ 19. f3 Bxc3 20. Qxc3 b5 21. Ne3 Nd7 22. Qd2 Nf6 23. Rc2 Rc5 24. cxb5 axb5 25. Rxc5 dxc5 {Artemiev,V (2704)-Duda,J (2738) Chess24.com INT 2021 ½-½ (59)}) ({RR} 11. Qd2 Nc5 12. Nc3 Nce4 13. Nxe4 Nxe4 14. Qc2 Nf6 15. a4 Qc7 16. Rdc1 Qc5 17. Bd4 Qh5 18. h3 Be4 19. Qb2 Qf5 20. a5 bxa5 21. g4 Qd7 22. Rxa5 a6 23. Rca1 Bb7 24. Bc3 {½-½ (24) Akhvlediani,I (2369)-Sepehrkhoui,A (2271) Trieste ITA 2025}) 11... Nc5 12. Nc3 Nfe4 13. Rac1 $146 ({RR} 13. Qc1 f5 14. Nxe4 Bxe4 15. Bxg7 Kxg7 16. b4 Ne6 17. Qb2+ Kg8 18. Nd4 Nxd4 19. Bxe4 Nxe2+ 20. Qxe2 fxe4 21. Qxe4 Rc8 22. Rac1 Qe8 {½-½ (22) Reshevsky,S-Yanofsky,D Lone Pine 1975}) 13... Rc8 14. Qe3 Nxc3 15. Bxc3 Bxc3 16. Rxc3 Rc7 17. Qh6 Bxf3 18. Bxf3 Qb8 19. h4 Nd7 20. h5 Nf6 21. hxg6 fxg6 22. a4 Rc5 23. Re3 Qe8 24. Rxd6 exd6 25. Rxe8 Rxe8 26. Qf4 Re6 27. b4 Rce5 28. Qd4 h5 29. Kg2 Kg7 30. a5 bxa5 31. b5 Rc5 32. Qa1 Rxc4 33. Bd5 Rce4 34. Bxe6 Rxe6 35. e3 d5 36. Qxa5 Re7 37. Qc3 Rd7 38. Qd4 Kf7 39. Qc5 Re7 40. Qc6 Rd7 41. Kf3 Kg7 42. Ke2 d4 43. exd4 Rxd4 44. Qc7+ Rd7 45. Qc5 Kf7 46. Kf3 Rd3+ 47. Kg2 Rd7 48. Qc6 Kg7 49. Qe6 Rf7 50. Qe5 Rd7 51. f3 Kf7 52. Qc5 Rd2+ 53. Kh3 Rd7 54. Qc4+ Kg7 55. Qc3 Kf7 56. Qb3+ Kg7 57. Qb2 Kf7 58. Qa2+ Kg7 59. Qa1 Kf7 60. Qe5 Re7 61. Qd4 Rd7 62. Qc4+ Kg7 63. Qc6 Kf7 64. g4 hxg4+ 65. fxg4 Re7 66. g5 Ne4 67. Qd5+ Kg7 68. Qd4+ Kf7 69. Kg4 Ke8 70. Qd5 Nf2+ 71. Kg3 Ne4+ 72. Kf4 Nf2 73. Qg8+ Kd7 74. Qxg6 Nh3+ 75. Kg4 Nf2+ 76. Kf3 Nh3 77. Qf5+ Kd6 78. Qxh3 Rf7+ 79. Kg4 1-0

[Event "Titled Tue 26th Dec Late"]
[Site "chess.com INT"]
[Date "2023.12.26"]
[Round "8"]
[White "Svane, R."]
[Black "Bok, B."]
[Result "1-0"]
[WhiteElo "2628"]
[BlackElo "2614"]
[PlyCount "107"]
[EventDate "2023.12.26"]

1. Nf3 d5 2. g3 c6 3. Bg2 Bg4 4. O-O Nd7 5. h3 Bh5 6. d4 e6 7. c4 Be7 8. Nc3 Ngf6 9. cxd5 exd5 10. Ne5 Bg6 11. f4 Be4 12. Nxe4 Nxe4 13. Bxe4 dxe4 14. Qb3 Nxe5 15. dxe5 Qb6+ 16. Be3 ({RR} 16. Qxb6 axb6 17. Be3 Bc5 18. Kf2 Ke7 19. Bxc5+ bxc5 20. Rfc1 Ra5 21. Ke3 Rha8 22. Kxe4 Rxa2 23. Rab1 R8a4+ 24. Kf3 Rb4 25. Rc2 c4 26. e3 Rb3 27. g4 b5 28. Rd2 Rd3 29. Ke2 Rxd2+ 30. Kxd2 Ke6 {Wadsworth,M (2461)-Valiyev,S (2260) Petrovac MNE 2024 1-0 (56)}) 16... Bc5 17. Bxc5 $146 ({RR} 17. Qxb6 Bxb6 18. Kf2 f6 19. exf6 gxf6 20. Rad1 Ke7 21. a3 Rad8 22. Bxb6 axb6 23. Ke3 f5 24. g4 Ke6 25. Rg1 h6 26. gxf5+ Kxf5 27. Rxd8 Rxd8 28. Rg7 Rd1 29. Rf7+ Ke6 30. Rxb7 b5 31. Rh7 Rb1 {Kollars,D (2643)-Rychagov,A (2549) Chess.com INT 2022 1-0 (37)}) 17... Qxc5+ 18. Kg2 Qb6 19. Rfd1 Qxb3 20. axb3 Ke7 21. Kf2 a5 22. Ke3 Ra6 23. Kxe4 Rb6 24. Rd3 Rd8 25. Rad1 Rxd3 26. Rxd3 Rb4+ 27. Kf3 g6 28. g4 Ke6 29. e3 c5 30. h4 b5 31. h5 gxh5 32. gxh5 h6 33. Rd6+ Ke7 34. Rxh6 Rxb3 35. Rc6 c4 36. f5 Rxb2 37. Rc7+ Ke8 38. f6 Rh2 39. Re7+ Kd8 40. Rxf7 c3 41. e6 c2 42. e7+ Kd7 43. Rf8 Rh3+ 44. Kg2 Rxe3 45. Rd8+ Kc7 46. f7 c1=Q 47. Rc8+ Kxc8 48. e8=Q+ Rxe8 49. fxe8=Q+ Kc7 50. Qxb5 Qc6+ 51. Qxc6+ Kxc6 52. h6 a4 53. h7 a3 54. h8=Q 1-0

[Event "Titled Tue 26th Dec Late"]
[Site "chess.com INT"]
[Date "2023.12.26"]
[Round "10"]
[White "Santos Latasa, J."]
[Black "Lobanov, Sergei"]
[Result "1-0"]
[WhiteElo "2615"]
[BlackElo "2502"]
[PlyCount "123"]
[EventDate "2023.12.26"]

1. Nf3 d5 2. e3 Nf6 3. c4 e6 4. b3 Bd6 5. Bb2 Nbd7 6. Nc3 ({RR} 6. cxd5 exd5 7. Be2 c6 8. O-O O-O 9. d3 Re8 10. Nbd2 a5 11. a3 Nc5 12. h3 Bf5 13. Qc2 h6 14. Rfe1 Bh7 15. Bf1 Ncd7 16. Bc3 Qc7 17. Qb2 Re7 18. b4 Ne5 19. Nxe5 Bxe5 20. Bxe5 Rxe5 {Annaberdiev,M (2525)-Sarana,A (2630) Karlsruhe 2019 0-1 (90)}) 6... O-O ({RR} 6... a6 7. cxd5 exd5 8. Ne2 O-O 9. Ng3 Re8 10. Bd3 Ne5 11. Bc2 Bg4 12. h3 Bxf3 13. gxf3 c5 14. Nf5 Bf8 15. Rg1 d4 16. f4 Ng6 17. Qf3 Qd5 18. Qxd5 Nxd5 19. O-O-O Nb4 20. Bb1 Rac8 21. d3 {Mikaelyan,A (2492)-Villarreal,A (2272) chess.com INT 2025 0-1 (53)}) 7. Be2 b6 8. cxd5 $146 ({RR} 8. O-O Bb7 9. Qc2 a6 10. d3 c5 11. a4 Nb8 12. cxd5 exd5 13. d4 Nc6 14. Rfd1 cxd4 15. Nxd4 Nxd4 16. Rxd4 Qc7 17. Rh4 Ne4 18. Bd3 f5 19. f3 Qe7 20. Rh5 Nf6 21. Rxf5 Qxe3+ 22. Kh1 Qh6 {Olsson,W (2284)-Karamichos,M (1839) Thessaloniki 2022 1-0 (38)}) 8... exd5 9. Nb5 Be7 10. Nbd4 Nb8 11. Ne5 Bd6 12. Nec6 Nxc6 13. Nxc6 Qe8 14. Rc1 Ne4 15. O-O Bd7 16. Qc2 Qe6 17. d3 Nc5 18. Nd4 Qg6 19. Rfe1 Rae8 20. a3 a5 21. b4 axb4 22. axb4 Ne6 23. Qd2 Ng5 24. Nf3 Bh3 25. g3 Bd7 26. Nxg5 Qxg5 27. Bf3 h5 28. Bc3 h4 29. e4 Qxd2 30. Bxd2 dxe4 31. dxe4 h3 32. Bc3 f6 33. Bd1 Be6 34. f3 c5 35. bxc5 Bxc5+ 36. Kf1 Ra8 37. Be2 Ra2 38. Ra1 Rc2 39. Rec1 Rxc1+ 40. Rxc1 Ra8 41. Ra1 Rc8 42. Be1 Rd8 43. Bf2 Bxf2 44. Kxf2 Rc8 45. Rb1 Rc2 46. Ke3 Bc4 47. Bxc4+ Rxc4 48. Rb2 Rc6 49. Kf4 Kf7 50. Kg4 g5 51. Kxh3 Ke6 52. Kg4 Ke5 53. h4 gxh4 54. gxh4 Kd4 55. h5 Kc3 56. Rb1 Kc2 57. Rb5 Kc3 58. h6 Kc4 59. h7 Kxb5 60. h8=Q Kc4 61. Qg8+ Kc5 62. Qd5+ 1-0

[Event "Titled Tue 26th Dec Late"]
[Site "chess.com INT"]
[Date "2023.12.26"]
[Round "11"]
[White "Nakamura, Hi"]
[Black "Batsuren, Dambasuren"]
[Result "1-0"]
[WhiteElo "2788"]
[BlackElo "2523"]
[PlyCount "91"]
[EventDate "2023.12.26"]

1. Nf3 Nf6 2. e3 b6 3. b3 Bb7 4. Bb2 e6 5. g3 Be7 6. Bg2 O-O 7. O-O c5 8. d3 d5 9. Nbd2 Nc6 10. e4 ({RR} 10. Qe2 Rc8 11. a3 b5 12. Rfe1 Qb6 13. Rab1 a5 14. h4 Qc7 15. Bh3 Rcd8 16. g4 e5 17. g5 Nd7 18. e4 d4 19. Rf1 Bc8 20. Nh2 Ndb8 21. Bf5 f6 22. g6 h6 23. Ng4 Rfe8 24. Rbe1 Bf8 {Harvey,M (2734)-Martinez Pla,X (2551) Chess.com 2024 1-0 (54)}) ({RR} 10. Qe2 Rc8 11. a3 Rc7 12. e4 d4 13. Ne1 e5 14. f4 b5 15. Bc1 Bc8 16. f5 Nd7 17. Ndf3 c4 18. b4 a5 19. bxa5 Ba6 20. g4 f6 21. h4 b4 22. axb4 Nxb4 23. Ba3 cxd3 24. cxd3 Rc3 {Tonndorf,M (2184)-Knuedel,T (2287) Verden an der Aller GER 2024 0-1 (66)}) 10... b5 $146 ({RR} 10... Qc7 11. Qe2 dxe4 12. dxe4 a5 13. e5 Nd7 14. a4 Rfd8 15. Rad1 Ba6 16. c4 Nf8 17. Nb1 Rxd1 18. Rxd1 Rd8 19. Na3 Rxd1+ 20. Qxd1 Qd7 21. Qe2 Nb4 22. Ne1 Bb7 23. Nb5 Bxg2 24. Kxg2 f6 25. h4 {Ye,R (2475)-Jonkman,H (2325) Haarlem 1996 1-0 (39)}) 11. Re1 Re8 12. e5 Nd7 13. h4 a5 14. h5 a4 15. h6 a3 16. Bc1 g6 17. Nb1 b4 18. Bh3 Bf8 19. Bg5 Qc7 20. Bf4 Nd4 21. Nbd2 Nxf3+ 22. Nxf3 c4 23. d4 Rac8 24. Bf1 cxb3 25. cxb3 Qc2 26. Bb5 Qxd1 27. Rexd1 Bc6 28. Ba6 Ra8 29. Bd3 Rec8 30. Rac1 Bb7 31. Bb5 Nb6 32. Nh2 Be7 33. Ng4 Rxc1 34. Rxc1 Rc8 35. Nf6+ Kh8 36. Ne8 Rxc1+ 37. Bxc1 Nc8 38. Bf4 Na7 39. Bf1 Kg8 40. Nd6 Bc6 41. Bd2 Bd7 42. Bxb4 Nc6 43. Bc5 Bg5 44. b4 Bxh6 45. b5 Nb8 46. Ba7 1-0

[Event "33rd Keres Mem Rapid"]
[Site "Tallinn EST"]
[Date "2024.01.07"]
[Round "11.3"]
[White "Fridman, D."]
[Black "Kuzubov, Y."]
[Result "1-0"]
[WhiteElo "2588"]
[BlackElo "2605"]
[PlyCount "83"]
[EventDate "2024.01.06"]
[EventType "rapid"]

1. Nf3 d5 2. g3 c5 3. Bg2 g6 4. c3 ({RR} 4. c4 Nf6 5. cxd5 Nxd5 6. d4 Bg7 7. dxc5 Qa5+ 8. Nfd2 Qxc5 9. Nb3 Qb4+ 10. Bd2 Qd6 11. Na3 O-O 12. O-O Nb6 13. Bc3 Qxd1 14. Rfxd1 Bxc3 15. bxc3 Na4 16. c4 Nc6 17. Rac1 Rb8 18. c5 Be6 {Vachier Lagrave,M (2774)-Wei,Y (2721) Chess.com INT 2019 1-0 (46)}) ({RR} 4. c4 d4 5. e3 dxe3 6. fxe3 Bg7 7. d4 Nh6 8. Qa4+ Nd7 9. O-O O-O 10. d5 Nf5 11. Qc2 Nd6 12. a4 Nf6 13. Nfd2 Ng4 14. Ra3 f5 15. h3 Nf6 16. Nc3 e5 17. Nb5 e4 18. Rf2 h5 {Zygouris,H (2163)-Kuzubov,Y (2595) Skopje MKD 2024 0-1 (57)}) 4... Nc6 $146 ({RR} 4... Bg7 5. d4 Nd7 6. O-O Ngf6 7. a4 b6 8. Ne5 O-O 9. a5 Ba6 10. Bf4 Qc8 11. Re1 Rd8 12. Qa4 Nxe5 13. Bxe5 Qf5 14. Bxf6 Qxf6 15. e3 e5 16. dxe5 Qxe5 17. axb6 axb6 18. Nd2 Qc7 19. Qb3 {Janik,I (2514)-Puranik,A (2627) Krakow POL 2024 ½-½}) 5. d4 cxd4 6. cxd4 Nh6 7. Nc3 Nf5 8. g4 Nd6 9. Nxd5 Qa5+ 10. Nc3 Bxg4 11. h3 Bxf3 12. Bxf3 Bg7 13. e3 O-O 14. Bd2 Qd8 15. h4 e5 16. d5 Nb4 17. Be2 e4 18. Qa4 a5 19. h5 Rc8 20. Kf1 Re8 21. hxg6 hxg6 22. Nb5 Nxb5 23. Bxb5 Re5 24. Bxb4 axb4 25. Qxb4 Rxd5 26. Ba4 Rdc5 27. Rd1 Qe7 28. Qd2 Rf5 29. Qe2 Rd8 30. Rxd8+ Qxd8 31. Bb3 Kf8 32. Rh7 Rc5 33. Qg4 Qd3+ 34. Kg2 Rc1 35. Rh1 Rxh1 36. Qc8+ Ke7 37. Qxb7+ Kd8 38. Qb8+ Kd7 39. Qb7+ Kd6 40. Qb6+ Ke5 41. Qc7+ Kf5 42. Qf4# 1-0

[Event "Titled Tue 2nd Jan Early"]
[Site "chess.com INT"]
[Date "2024.01.02"]
[Round "3"]
[White "Svane, R."]
[Black "Ten Hertog, H."]
[Result "1-0"]
[WhiteElo "2637"]
[BlackElo "2523"]
[PlyCount "63"]
[EventDate "2024.01.02"]

1. Nf3 g6 2. e4 Bg7 3. d4 d6 4. Bd3 Nc6 5. d5 Nb4 ({RR} 5... e5 6. dxc6 bxc6 7. O-O Nf6 8. c4 O-O 9. Nc3 Nd7 10. b4 a5 11. b5 Nc5 12. bxc6 Ra6 13. Be3 Rxc6 14. Rb1 f5 15. Bxc5 Rxc5 16. Rb5 c6 17. Rxc5 dxc5 18. Be2 Qe7 19. Qa4 Bd7 20. Qxa5 {Carlsen,M (2830)-Nihal,S (2688) chess.com INT 2023 1-0}) ({RR} 5... Ne5 6. Nxe5 Bxe5 7. O-O Bg7 8. c4 e6 9. Nc3 Ne7 10. Be3 O-O 11. Qd2 c6 12. Bh6 c5 13. Bxg7 Kxg7 14. Rad1 e5 15. f4 f6 16. f5 Bd7 17. g4 g5 18. h4 h6 19. Kg2 Rh8 20. Rh1 {Schekachikhin,M (2381)-Marchesich,G (2220) chess.com INT 2025 1-0 (46)}) ({RR} 5... Ne5 6. Nxe5 Bxe5 7. O-O Bg7 8. c4 Nf6 9. Nc3 O-O 10. Bg5 c6 11. Qd2 e5 12. dxe6 Bxe6 13. Kh1 Qa5 14. f4 Rae8 15. Rae1 Bc8 16. h3 Nd7 17. Bc2 Nb6 18. Bb3 Qc5 19. f5 gxf5 20. Be3 {Svane,R (2631)-Kushko,D (2426) chess.com INT 2023 1-0 (47)}) 6. O-O Nf6 $146 ({RR} 6... Nxd3 7. Qxd3 Nf6 8. c4 O-O 9. Nc3 c6 10. h3 a6 11. a4 cxd5 12. exd5 Qc7 13. Be3 e6 14. Nd4 exd5 15. cxd5 Qa5 16. Qc4 Bd7 17. b4 Qd8 18. Rac1 Rc8 19. Qb3 Re8 20. b5 Qa5 21. Rc2 {Purygin,A (2256)-Efanov,N (2425) Anapa 2009 1-0 (40)}) 7. c4 O-O 8. Nc3 e6 9. dxe6 Bxe6 10. h3 Nd7 11. Bg5 Qc8 12. Re1 Nxd3 13. Qxd3 Nc5 14. Qe2 Re8 15. Rad1 f5 16. exf5 Bxf5 17. Qd2 Qd7 18. Nd4 Rxe1+ 19. Rxe1 Re8 20. Rxe8+ Qxe8 21. Nxf5 gxf5 22. Be3 Ne4 23. Qd5+ Qf7 24. Qxb7 Nxc3 25. bxc3 Qxc4 26. Qc8+ Kf7 27. Qxf5+ Kg8 28. Qc8+ Kf7 29. Qd7+ Kg6 30. Bxa7 Bxc3 31. a4 Be5 32. Be3 1-0

[Event "Titled Tue 2nd Jan Early"]
[Site "chess.com INT"]
[Date "2024.01.02"]
[Round "4"]
[White "Nakamura, Hi"]
[Black "Zhigalko, S."]
[Result "1-0"]
[WhiteElo "2788"]
[BlackElo "2572"]
[PlyCount "81"]
[EventDate "2024.01.02"]

1. Nf3 d5 2. g3 c6 3. Bg2 Bg4 4. h3 Bh5 5. d3 e6 6. Nbd2 Bd6 7. b3 Ne7 8. g4 Bg6 9. Nh4 a5 10. Bb2 O-O 11. a3 Nd7 $146 ({RR} 11... c5 12. e3 a4 13. bxa4 Nbc6 14. O-O Rxa4 15. c4 Ra8 16. Nxg6 hxg6 17. Rb1 Be5 18. cxd5 exd5 19. d4 cxd4 20. Nf3 Bd6 21. Nxd4 Bxa3 22. Bxa3 Rxa3 23. Rxb7 Ra7 24. Nxc6 Nxc6 25. Rxa7 Nxa7 26. Qxd5 {Nakamura,H (2778)-Zhigalko,S (2572) chess.com INT 2023 1-0 (73)}) 12. e3 Qb6 13. O-O f6 14. d4 Rae8 15. c4 Bb8 16. f4 Bd3 17. Rf2 g5 18. fxg5 fxg5 19. Rxf8+ Rxf8 20. Nhf3 Qc7 21. Nf1 Be4 22. Qe2 Ng6 23. Bc3 Bxf3 24. Bxf3 Nh4 25. Bh1 Nf6 26. Be1 Ne4 27. Bxh4 gxh4 28. Bxe4 dxe4 29. Ra2 Rf3 30. Qd1 Rxh3 31. d5 exd5 32. cxd5 Qd7 33. Rd2 Rf3 34. dxc6 Qxc6 35. Rd8+ Rf8 36. Rxf8+ Kxf8 37. Qd8+ Qe8 38. Qxh4 Qf7 39. Qd8+ Qe8 40. Qxa5 Qd7 41. Qb4+ 1-0

[Event "Titled Tue 2nd Jan Early"]
[Site "chess.com INT"]
[Date "2024.01.02"]
[Round "8"]
[White "Fedoseev, Vl3"]
[Black "Boruchovsky, A."]
[Result "1-0"]
[WhiteElo "2690"]
[BlackElo "2528"]
[PlyCount "85"]
[EventDate "2024.01.02"]

1. Nf3 d5 2. g3 Nd7 3. d4 Nb6 4. Nc3 Bf5 5. Nh4 e6 6. Nxf5 exf5 7. Qd3 Qd7 ({RR} 7... g6 8. Bg2 Nf6 9. Bg5 Bg7 10. Qe3+ Kf8 11. Na4 h6 12. Qa3+ Qe7 13. Qxe7+ Kxe7 14. Nxb6 axb6 15. Bxf6+ Bxf6 16. Bxd5 c6 17. Bb3 Bxd4 18. c3 Bf6 19. O-O-O Rhd8 20. a4 Rxd1+ 21. Rxd1 b5 22. axb5 {Rapport,R (2745)-Duda,J (2724) Bucharest ROU 2023 1-0 (52)}) ({RR} 7... g6 8. Bg2 Bg7 9. h4 h5 10. Bg5 Nf6 11. O-O Qd7 12. Bxf6 Bxf6 13. e3 c6 14. Ne2 Nc4 15. b3 Nd6 16. c4 Ne4 17. cxd5 cxd5 18. f3 Nd6 19. Nc3 Qe6 20. f4 Ne4 21. Bxe4 dxe4 22. Qb5+ {Seiger,V (2124)-Golecki,J (2256) Stockholm SWE 2025 0-1 (39)}) 8. a4 $146 ({RR} 8. Bg2 g6 9. O-O Bg7 10. a4 c6 11. b3 Ne7 12. Ba3 O-O 13. e3 Nbc8 14. Ne2 Nd6 15. c4 Ne4 16. Rfc1 Rfc8 17. Rc2 Rc7 18. Rac1 Rac8 19. Bxe7 Qxe7 20. cxd5 cxd5 21. Nf4 Rxc2 22. Rxc2 Rxc2 {Svane,R (2641)-Arhan,C (2395) chess.com INT 2023 1-0 (99)}) 8... a5 9. b3 Nf6 10. Bh3 g6 11. Nd1 O-O-O 12. Bd2 Bb4 13. Bxb4 axb4 14. a5 Na8 15. a6 Qc6 16. Ra4 h5 17. Ne3 Ne4 18. Rxb4 bxa6 19. O-O h4 20. g4 Ng5 21. Bg2 h3 22. Bh1 f4 23. Nxd5 Qe6 24. Nxf4 Qxg4+ 25. Qg3 Qxg3+ 26. fxg3 Nb6 27. Ra1 Ne6 28. Nxe6 fxe6 29. Rxa6 Rhf8 30. Bf3 e5 31. dxe5 Rd1+ 32. Kf2 Rh1 33. Rbxb6 Rxf3+ 34. Kxf3 cxb6 35. Rxb6 Rxh2 36. Rxg6 Rh1 37. Rh6 h2 38. Kg4 Kd7 39. b4 Ke7 40. b5 Rc1 41. Rxh2 Rxc2 42. Kf5 Rxe2 43. Rxe2 1-0

[Event "Titled Tue 2nd Jan Early"]
[Site "chess.com INT"]
[Date "2024.01.02"]
[Round "10"]
[White "Carlsen, M."]
[Black "Duda, J."]
[Result "1-0"]
[WhiteElo "2830"]
[BlackElo "2732"]
[PlyCount "117"]
[EventDate "2024.01.02"]

1. b3 d5 2. Nf3 Nf6 3. Bb2 Bf5 4. Nh4 Bd7 5. e3 c5 6. c4 e6 7. Be2 Be7 8. O-O O-O 9. Nf3 Nc6 10. d4 $146 ({RR} 10. cxd5 Nxd5 11. Nc3 Nxc3 12. dxc3 Qc7 13. Qc2 Rad8 14. c4 Nb4 15. Qb1 Bc8 16. a3 Nc6 17. h4 f5 18. Rd1 e5 19. Qc2 e4 20. Ng5 h6 21. Nh3 Bxh4 22. Nf4 Qf7 23. Bh5 Qe7 24. g3 Bf6 {Bartel,M (2616)-Grabarczyk,M (2371) Bydgoszcz 2022 ½-½ (46)}) 10... cxd4 11. exd4 Rc8 12. Nbd2 dxc4 13. bxc4 Re8 14. Nb3 Bf8 15. Qd2 Ne7 16. Ne5 g6 17. Bf3 b6 18. Rfe1 Bg7 19. Rad1 b5 20. Nxd7 Nxd7 21. cxb5 Nb6 22. Na5 Nc4 23. Nxc4 Rxc4 24. Qd3 Rc8 25. a4 Qa5 26. Qb3 Red8 27. g3 Nd5 28. Rc1 Nb6 29. d5 Bxb2 30. Qxb2 exd5 31. Qf6 Qxa4 32. Rc7 Rf8 33. Rxc8 Rxc8 34. Re7 Rf8 35. h4 h5 36. Kg2 Qc2 37. g4 hxg4 38. Bxg4 d4 39. Be6 Qe4+ 40. Kg3 Qxe6 41. Rxe6 fxe6 42. Qxg6+ Kh8 43. Qh6+ Kg8 44. Qxe6+ Kg7 45. Qe5+ Rf6 46. Qxd4 Kf7 47. h5 Nc8 48. Kg4 Ne7 49. f4 Rb6 50. Qc4+ Kg7 51. Qc5 Ng8 52. Kg5 Nh6 53. Qe5+ Kf8 54. Qh8+ Ng8 55. h6 Rxh6 56. Qxh6+ Nxh6 57. Kxh6 Ke7 58. Kg7 Ke6 59. Kg6 1-0

[Event "Titled Tue 2nd Jan Early"]
[Site "chess.com INT"]
[Date "2024.01.02"]
[Round "11"]
[White "Carlsen, M."]
[Black "Mamedyarov, S."]
[Result "1-0"]
[WhiteElo "2830"]
[BlackElo "2726"]
[PlyCount "85"]
[EventDate "2024.01.02"]

1. Nf3 d5 2. b3 Nf6 3. Bb2 g6 4. c4 dxc4 5. bxc4 Bg7 6. g3 b6 7. Bg2 Bb7 8. Qa4+ ({RR} 8. O-O c5 9. Qa4+ Qd7 10. Qxd7+ Nbxd7 11. d3 O-O 12. Nbd2 Ne8 13. Rfb1 Nc7 14. Ng5 Bxg2 15. Kxg2 Rfd8 16. Nge4 f5 17. Bxg7 fxe4 18. Bh6 exd3 19. exd3 Nf6 20. Re1 Rxd3 21. Rxe7 Rd7 22. Rxd7 Nxd7 {Artemiev,V (2731)-Mamedyarov,S (2772) Moscow 2019 1-0 (42)}) ({RR} 8. O-O O-O 9. d3 c5 10. Nc3 Nc6 11. Ne5 Qc8 12. Nxc6 Bxc6 13. Nd5 Nxd5 14. Bxg7 Ne3 15. Qc1 Nxf1 16. Bxf8 Nxg3 17. hxg3 Kxf8 18. Qh6+ Kg8 19. a4 Bxg2 20. Kxg2 Qc6+ 21. f3 Qe6 22. Kf2 Qe5 {Theodorou,N (2600)-Mamedyarov,S (2738) New York USA 2024 0-1 (45)}) 8... Nbd7 9. O-O c5 $146 ({RR} 9... O-O 10. d3 Re8 11. Nc3 e5 12. Rad1 Nc5 13. Qc2 Nfd7 14. e3 Ne6 15. Nd5 c6 16. Nc3 f5 17. d4 e4 18. Nd2 Ng5 19. Ne2 Qe7 20. Nf4 c5 21. d5 Bxb2 22. Qxb2 Ne5 23. h4 Qf6 24. Kh1 {Barle,J (2430)-Mikhalchishin,A (2505) Bled 1996 0-1 (52)}) 10. d3 O-O 11. Nbd2 Qc7 12. Qc2 Rfe8 13. a4 e5 14. e4 Nf8 15. Nb1 N6d7 16. Nc3 Ne6 17. Nd5 Qd6 18. a5 Nd4 19. Nxd4 exd4 20. f4 f6 21. Bc1 Bxd5 22. cxd5 b5 23. a6 Rec8 24. Bh3 c4 25. Ba3 b4 26. Bxb4 Qxb4 27. Bxd7 cxd3 28. Qa4 Qd2 29. Be6+ Kh8 30. Bxc8 Rxc8 31. Qd7 Qe3+ 32. Rf2 Rg8 33. Rd1 Qxe4 34. Qxa7 g5 35. Qc7 Qxd5 36. Rxd3 Qe4 37. Rd1 f5 38. Qc4 gxf4 39. Re2 Qf3 40. Qd3 Qg4 41. Rf1 fxg3 42. hxg3 Be5 43. Rxe5 1-0

[Event "Titled Tue 2nd Jan Late"]
[Site "chess.com INT"]
[Date "2024.01.02"]
[Round "8"]
[White "Svane, R."]
[Black "Tristan, L."]
[Result "1-0"]
[WhiteElo "2637"]
[BlackElo "2515"]
[PlyCount "51"]
[EventDate "2024.01.02"]

1. Nf3 d5 2. g3 Nf6 3. Bg2 Bf5 4. O-O e6 5. c4 c6 6. Qb3 Qb6 7. d3 dxc4 ({RR} 7... Nbd7 8. Be3 Bc5 9. Bxc5 Nxc5 10. Qa3 O-O ({RR} 10... a5 11. Nbd2 O-O 12. Rfc1 Nfd7 13. Qc3 h6 14. Rab1 Bg6 15. b3 Rfc8 16. a3 Nf6 17. b4 axb4 18. axb4 Ncd7 19. h3 Qd8 20. b5 Qe7 21. bxc6 bxc6 22. cxd5 cxd5 23. Qxc8+ Rxc8 24. Rxc8+ Kh7 25. Rc2) 11. Nc3 a5 ({RR} 11... dxc4 12. dxc4 Nfe4 13. Nh4 Nxc3 14. Qxc3 Be4 15. f3 Na4+ 16. c5 Qb5 17. Qe5 Bg6 18. Rac1 Qxb2 19. Nxg6 hxg6 20. Qxb2 Nxb2 21. Rb1 Na4 22. Rxb7 Nxc5 23. Rb4 Rab8 24. Rc4 Rb5 25. Rfc1 Nd7 26. Rxc6) 12. cxd5 exd5 13. Rac1 Na6 14. b3 Rfe8 15. e4 dxe4 16. Nh4 Bd7 17. dxe4 Qb4 18. Qb2 Nc5 19. Qb1 Ncxe4 20. Nxe4 Nxe4 21. Rc4 Nd2 22. Rxb4 {Ribeiro,M (2328)-Da Rosa,H (2003) Florianopolis SC 2025 1-0 (45)}) 8. Qxc4 Nbd7 ({RR} 8... Be7 9. Nc3 O-O 10. Be3 Qa6 11. Qb3 Nbd7 12. a3 Nd5 13. Bd2 Bg6 14. Rfc1 Rfd8 15. Qc2 Rac8 16. b4 c5 17. b5 Qd6 18. Qb3 Bf6 19. Ne1 N7b6 20. Nxd5 exd5 21. Bc3 c4 22. dxc4 dxc4 23. Qb4 {Svane,R (2632)-Le,Q (2731) chess.com INT 2024 0-1 (39)}) 9. Nc3 h6 10. a3 $146 ({RR} 10. e4 Bg4 11. Be3 Qb4 12. Qxb4 Bxb4 13. a3 Be7 14. d4 Nb6 15. Ne5 Nbd7 16. f4 Nxe5 17. dxe5 Nd7 18. h3 Bh5 19. f5 exf5 20. exf5 Nxe5 21. Bd4 f6 22. Rae1 O-O-O 23. Bxe5 fxe5 24. Ne4 Bf7 {Svane,F (2600)-Shuvalov,E (2038) chess.com INT 2023 ½-½ (66)}) 10... Be7 11. b4 O-O 12. Be3 Qd8 13. Rfc1 Bh7 14. a4 Nd5 15. Nxd5 cxd5 16. Qb5 b6 17. a5 a6 18. Qc6 bxa5 19. bxa5 Bf6 20. Rab1 Ne5 21. Nxe5 Bxe5 22. Rb6 Qf6 23. Rxa6 Rxa6 24. Qxa6 Bc3 25. Bc5 Qe5 26. Bxf8 1-0